La política del poder : (Registro nro. 14548)

Detalles MARC
000 -LEADER
fixed length control field 01404nam a2200373 i 4500
003 - CONTROL NUMBER IDENTIFIER
control field DO-SdBNP
005 - DATE AND TIME OF LATEST TRANSACTION
control field 20240131111229.0
007 - PHYSICAL DESCRIPTION FIXED FIELD--GENERAL INFORMATION
fixed length control field ta
008 - FIXED-LENGTH DATA ELEMENTS--GENERAL INFORMATION
fixed length control field 230919b2023 dr || 00| 0 spa d
020 ## - INTERNATIONAL STANDARD BOOK NUMBER
International Standard Book Number 9789945183986
040 ## - CATALOGING SOURCE
Original cataloging agency DO-SdBNP
Language of cataloging spa
Transcribing agency BPMSU
Description conventions rda
082 #4 - DEWEY DECIMAL CLASSIFICATION NUMBER
Classification number 320.97293
Item number L925p 2023
Edition number 22
100 1# - MAIN ENTRY--PERSONAL NAME
Personal name Lozano, Wilfredo
Dates associated with a name 1950-
Relator term autor
100 z# - MAIN ENTRY--PERSONAL NAME
Personal name Losano, Wilfredo
245 13 - TITLE STATEMENT
Title La política del poder :
Remainder of title la crisis de la democracia dominicana en el siglo xxi /
Statement of responsibility, etc. Wilfredo Lozano ; corrección Amara Vera
250 ## - EDITION STATEMENT
Edition statement 2a ed. Actualizada y corregida
264 ## - PRODUCTION, PUBLICATION, DISTRIBUTION, MANUFACTURE, AND COPYRIGHT NOTICE
Place of production, publication, distribution, manufacture Santo Domingo :
Name of producer, publisher, distributor, manufacturer FLACSO,
Date of production, publication, distribution, manufacture, or copyright notice 2023
300 ## - PHYSICAL DESCRIPTION
Extent 544 páginas ;
Dimensions 23 cm.
336 ## - CONTENT TYPE
Source rdacontent
Content type term texto
Content type code txt
337 ## - MEDIA TYPE
Source rdamedia
Media type term sin mediación
Media type code n
338 ## - CARRIER TYPE
Source volumen
Carrier type term nc
500 ## - GENERAL NOTE
General note Incluye datos biográficos del autor en las solapas
500 ## - GENERAL NOTE
General note Incluye raferencia bibliográficas y notas al pie de las páginas
500 ## - GENERAL NOTE
General note Incluye índices
504 ## - BIBLIOGRAPHY, ETC. NOTE
Bibliography, etc Bibliografía : p. 481-513
590 ## - LOCAL NOTE (RLIN)
Local note Inventariado, 2024/VM
650 #4 - SUBJECT ADDED ENTRY--TOPICAL TERM
Topical term or geographic name as entry element Democracia
General subdivision Historia
Geographic subdivision República Dominicana
651 #4 - SUBJECT ADDED ENTRY--GEOGRAPHIC NAME
Geographic name República Dominicana
General subdivision Política y gobierno
Chronological subdivision Siglo XXI
651 #4 - SUBJECT ADDED ENTRY--GEOGRAPHIC NAME
Geographic name República Dominicana
General subdivision Historia
Chronological subdivision Siglo XXI
700 1# - ADDED ENTRY--PERSONAL NAME
Personal name Vera, Aimara,
Relator term corrección
710 2# - ADDED ENTRY--CORPORATE NAME
Corporate name or jurisdiction name as entry element Facultad Latonoamericana de Ciencias Sociales (República Dominicana)
910 ## - USER-OPTION DATA (OCLC)
User-option data VMateo V. Control de calidad. BPMSU
942 ## - ADDED ENTRY ELEMENTS (KOHA)
Source of classification or shelving scheme Dewey Decimal Classification
Koha item type Libros
Existencias
Withdrawn status Lost status Source of classification or shelving scheme Damaged status Not for loan Collection code Home library Current library Date acquired Total Checkouts Full call number Barcode Date last seen Price effective from Koha item type Copy number
    Dewey Decimal Classification     Colección Dominicana Biblioteca Pública Metropolitana Salomé Ureña Biblioteca Pública Metropolitana Salomé Ureña 01/31/2024   BPMSU CD 320.97293 L925p 2023 BPMSU24010051 01/31/2024 01/31/2024 Libros  
    Dewey Decimal Classification     Colección Dominicana Biblioteca Pública Metropolitana Salomé Ureña Biblioteca Pública Metropolitana Salomé Ureña 01/31/2024   BPMSU CD 320.97293 L925p 2023 BPMSU24010052 01/31/2024 01/31/2024 Libros e.2
    Dewey Decimal Classification     Colección Dominicana Biblioteca Pública Metropolitana Salomé Ureña Biblioteca Pública Metropolitana Salomé Ureña 01/31/2024   BPMSU CD 320.97293 L925p 2023 BPMSU25110088 11/24/2025 01/31/2024 Libros e.3